LEADER 01276nam a2200289 u 4500 001 000000074584 003 CaOOAMICUS 005 20070226122458.0 008 021211s2001 it u000 u ita u 020 $a8814092273 035 $a10948263 040 $aPUL$bita 245 03$aLe adozioni nella nuova disciplina :$blegge 28 marzo 2001, n. 149 /$cDomenico Apicella ... [et al.] ; a cura di Gabriella Autorino, Pasquale Stanzione. 260 $aMilano :$bGiuffrè,$c2001. 300 $axx, 572 p. ;$c24 cm 504 $aBibliografia in nota. 650 4$aAdozione e affiliazione.$0(OLS)http://pul/subject/13625 700 1 $aAutorino Stanzione, Gabriella.$0(OLS)http://pul/name/49458 700 1 $aApicella, Domenico.$0(OLS)http://pul/name/49459 700 1 $aStanzione, Pasquale.$0(OLS)http://pul/name/37178 850 $aPUL 852 $aPUL$W1$xDP1 Cons. Gen., Altre Classi 1$y22$m43 C 139$j96181$nBK-PRI$b $qStampati$B96181$CPULBib$Z2$F96181 $H $81 941 1 $a8 961 $aINV: 90067 996 $6020$a8814092273$9(OLS)http://pul/number/96842 996 $6245$aLe adozioni nella nuova disciplina :$blegge 28 marzo 2001, n. 149$9(OLS)http://pul/title/97909 996 $6260$aMilano :$bGiuffrè$9(OLS)http://pul/publisher/48401 LEADER 01362nam a2200289 a 4500 001 000000157730 003 CaOOAMICUS 005 20161220130049.0 008 161220s1977 sz u000 u ger r 032 $aLibriCat 040 $aPUL$bita 100 1 $aKaspar, Philipp.$0(OLS)http://pul/name/100667 245 10$aAlois Gügler 1782-1827 : $bein bedeutender Luzerner Theologe im Spannungsfeld von Aufklärung und Romantik / $cPhilipp Kaspar . 260 $aSchüpfheim :$bSelbstverlag,$c1977. 300 $a387 p. ;$c21 cm. 502 $aTesi -- Université de Fribourg. Faculté de Philosophie. 1976. 504 $aBibliografia in nota a piè pagina. 600 14$aGu?gler, Alois ,$d1782-1827.$0(OLS)http://pul/subject/44122 710 2 $aUniversité de Fribourg.$kTesi.$0(OLS)http://pul/name/100562 850 $aPUL 852 $aPUL$W1$xDP1 Tesi Univ. Friburgo$y37$mTH FRI 123$j181068$qTesi$B184198$CPULBib$Z2$F184198 $H49533 $82 910 $aUniversità di Friburgo$kTesi$9100562 910 $aUniversität Freiburg (Schweiz).$kTesi$9100562 941 1 $a16 996 $6245$aAlois Gügler 1782-1827 : $bein bedeutender Luzerner Theologe im Spannungsfeld von Aufklärung und Romantik / $9(OLS)http://pul/title/197332 996 $6260$aSchüpfheim :$bSelbstverlag$9(OLS)http://pul/publisher/85824